Statistics for Most Populated Countries Containing 'A'

Click here to take the quiz!

General Stats

  • This quiz has been taken 160 times
  • The average score is 18 of 20

Answer Stats

Population Country % Correct
1,367 milChina
100%
320 milUnited States
100%
1,265 milIndia
100%
204 milBrazil
98%
66 milFrance
97%
146 milRussia
97%
255 milIndonesia
96%
81 milGermany
94%
127 milJapan
93%
189 milPakistan
89%
61 milItaly
89%
184 milNigeria
88%
54 milSouth Africa
88%
78 milIran
86%
65 milThailand
86%
91 milVietnam
83%
158 milBangladesh
83%
90 milEthiopia
83%
71 milD.R. Congo
72%
53 milBurma
59%

Score Distribution

Percentile by Number Answered

Percent of People with Each Score

Your Score History

You have not taken this quiz